000 00254nam a2200097Ia 4500
001 1226786
005 20250827093011.0
008 250824s9999 xx 000 0 und d
245 0 _aARAZ
_cKAHRAMAN TAZEOĞLU
260 _bDESTEK YAYINLARI
999 _c1226786
_d1226786